Handbook of anxiety disorders
| Contributors: | ; |
|---|---|
| Format: | Print Book |
| Language: | English |
| Published: |
New York [u.a.]
Pergamon Press
1988
|
| In: |
Pergamon general psychology series (151)
Year: 1988 |
| Edition: | 1. ed. |
| Availability in Tübingen: | Present in Tübingen. UB: KB 18 A 3945 |
| Check availability: | HBZ Gateway |
| Subito Delivery Service: | Order now. |
| Keywords: |
MARC
| LEADER | 00000cam a2200000 c 4500 | ||
|---|---|---|---|
| 001 | 272761141 | ||
| 003 | DE-627 | ||
| 005 | 20251222212330.0 | ||
| 007 | tu | ||
| 008 | 880125s1988 xxu||||| 00| ||eng c | ||
| 020 | |a 0080327664 |9 0-08-032766-4 | ||
| 035 | |a (DE-627)272761141 | ||
| 035 | |a (DE-576)013612352 | ||
| 035 | |a (DE-599)GBV272761141 | ||
| 035 | |a (OCoLC)246795602 | ||
| 035 | |a (DE-604)8051496682 | ||
| 040 | |a DE-627 |b ger |c DE-627 |e rakwb | ||
| 041 | |a eng | ||
| 044 | |c XD-US |c XA-GB |c XB-CN | ||
| 050 | 0 | |a RC531 | |
| 082 | 0 | |a 616.85'2206 | |
| 082 | 0 | |a 616.85/223 | |
| 084 | |a CU 4000 |2 rvk |0 (DE-625)rvk/19113: | ||
| 084 | |a CU 3100 |2 rvk |0 (DE-625)rvk/19106: | ||
| 245 | 0 | 0 | |a Handbook of anxiety disorders |c ed. by Cynthia G. Last ... |
| 250 | |a 1. ed. | ||
| 264 | 1 | |a New York [u.a.] |b Pergamon Press |c 1988 | |
| 300 | |a IX, 647 S. |b graph. Darst. | ||
| 336 | |a Text |b txt |2 rdacontent | ||
| 337 | |a ohne Hilfsmittel zu benutzen |b n |2 rdamedia | ||
| 338 | |a Band |b nc |2 rdacarrier | ||
| 490 | 1 | |a Pergamon general psychology series |v 151 | |
| 583 | 1 | |a Archivierung prüfen |c 20240324 |f DE-4165 |z 1 |2 pdager | |
| 653 | 0 | |a Anxiety |a Treatment | |
| 653 | 0 | |a Phobias |a Treatment | |
| 653 | 0 | |a Obsessive-compulsive neurosis |a Treatment | |
| 655 | 7 | |a Aufsatzsammlung |0 (DE-588)4143413-4 |0 (DE-627)105605727 |0 (DE-576)209726091 |2 gnd-content | |
| 689 | 0 | 0 | |d s |0 (DE-588)4295459-9 |0 (DE-627)104147741 |0 (DE-576)210970235 |a Angststörung |2 gnd |
| 689 | 0 | 1 | |d s |0 (DE-588)4059798-2 |0 (DE-627)106142216 |0 (DE-576)209132310 |a Therapie |2 gnd |
| 689 | 0 | |5 (DE-627) | |
| 689 | 1 | 0 | |d s |0 (DE-588)4002053-8 |0 (DE-627)106394630 |0 (DE-576)208845542 |a Angst |2 gnd |
| 689 | 1 | 1 | |d s |0 (DE-588)4047704-6 |0 (DE-627)106193821 |0 (DE-576)209074426 |a Psychologie |2 gnd |
| 689 | 1 | |5 (DE-627) | |
| 700 | 1 | |a Last, Cynthia G. |e Hrsg. |4 edt | |
| 700 | 1 | |a Hersen, Michel |e Hrsg. |4 edt | |
| 830 | 0 | |a Pergamon general psychology series |v 151 |9 151 |w (DE-627)130505595 |w (DE-576)008403384 |w (DE-600)762261-2 |7 am | |
| 889 | |w (DE-627)02669722X | ||
| 935 | |i mdedup | ||
| 935 | |i Blocktest | ||
| 936 | r | v | |a CU 4000 |b Spezielle Verhaltensstörungen und Symptome |k Psychologie |k Klinische Psychologie |k Psychische Störungen |k Spezielle Verhaltensstörungen und Symptome |0 (DE-627)1270710176 |0 (DE-625)rvk/19113: |0 (DE-576)200710176 |
| 936 | r | v | |a CU 3100 |b Angststörungen (Panik, Phobien, generalisierte Angst), Zwänge |k Psychologie |k Klinische Psychologie |k Psychische Störungen |k Angststörungen (Panik, Phobien, generalisierte Angst), Zwänge |0 (DE-627)1271070928 |0 (DE-625)rvk/19106: |0 (DE-576)201070928 |
| 951 | |a BO | ||
| ELC | |b 1 | ||
| LOK | |0 000 xxxxxcx a22 zn 4500 | ||
| LOK | |0 001 3281735665 | ||
| LOK | |0 003 DE-627 | ||
| LOK | |0 004 272761141 | ||
| LOK | |0 005 20151023134530 | ||
| LOK | |0 008 880905||||||||||||||||ger||||||| | ||
| LOK | |0 040 |a DE-21 |c DE-627 |d DE-21 | ||
| LOK | |0 852 |a DE-21 | ||
| LOK | |0 852 1 |c KB 18 A 3945 |9 00 | ||
| LOK | |0 935 |a krim | ||
| LOK | |0 939 |a 05-09-88 |b l01 | ||
| ORI | |a SA-MARC-krimdoka001.raw | ||
| SIG | |a UB: KB 18 A 3945 | ||
